Online
Catalog

La cultura en el Banco Central / (Record no. 3988)

MARC details
000 -CABECERA
campo de control de longitud fija 01311nam a2200325 a 4500
001 - NÚMERO DE CONTROL
campo de control 000004173
003 - IDENTIFICADOR DEL NÚMERO DE CONTROL
campo de control DO-SdBNP
005 - FECHA Y HORA DE LA ÚLTIMA TRANSACCIÓN
campo de control 20240228184146.0
007 - CAMPO FIJO DE DESCRIPCIÓN FÍSICA--INFORMACIÓN GENERAL
campo de control de longitud fija ta
008 - DATOS DE LONGITUD FIJA--INFORMACIÓN GENERAL
campo de control de longitud fija 090717s2008 dr ac 001 0 spa d
020 ## - NÚMERO INTERNACIONAL ESTÁNDAR DEL LIBRO
Número Internacional Estándar del Libro 9789945443219
040 ## - FUENTE DE LA CATALOGACIÓN
Centro catalogador/agencia de origen DO-SdBNP
Lengua de catalogación spa
Centro/agencia transcriptor BNPHU
082 #4 - NÚMERO DE LA CLASIFICACIÓN DECIMAL DEWEY
Número de clasificación 306.097293
Número de documento/Ítem V145c
Número de edición 22
100 1# - ENTRADA PRINCIPAL--NOMBRE DE PERSONA
Nombre de persona Valdez Albizu, Héctor,
Fechas asociadas al nombre 1947-
9 (RLIN) 12322
245 13 - MENCIÓN DE TÍTULO
Título La cultura en el Banco Central /
Mención de responsabilidad, etc. Héctor Valdez Albizu ; fotografías Alfredo Antonio Gell Gómez, Luis Manuel Ferreras Hernández.
260 ## - PUBLICACIÓN, DISTRIBUCIÓN, ETC.
Lugar de publicación, distribución, etc. Santo Domingo :
Nombre del editor, distribuidor, etc. Banco Central de la República Dominicana,
Fecha de publicación, distribución, etc. 2008.
300 ## - DESCRIPCIÓN FÍSICA
Extensión 186 p. :
Otras características físicas il., retrs. ;
Dimensiones 23 cm.
490 1# - MENCIÓN DE SERIE
Mención de serie Banco Central de la República Dominicana
Designación de volumen o secuencia 104
490 1# - MENCIÓN DE SERIE
Mención de serie Arte y literatura
Designación de volumen o secuencia 43
500 ## - NOTA GENERAL
Nota general Incluye índice
590 ## - NOTA LOCAL (RLIN)
Nota local Inventariado, 2018/MFF
610 2# - PUNTO DE ACCESO ADICIONAL DE MATERIA--NOMBRE DE ENTIDAD CORPORATIVA
Nombre de entidad corporativa o nombre de jurisdicción como elemento de entrada Banco Central de la República Dominicana
Subdivisión general Mecenazgo artístico
9 (RLIN) 12323
650 #4 - PUNTO DE ACCESO ADICIONAL DE MATERIA--TÉRMINO DE MATERIA
Término de materia o nombre geográfico como elemento de entrada Cultura
Subdivisión geográfica República Dominicana
9 (RLIN) 1983
700 12 - PUNTO DE ACCESO ADICIONAL--NOMBRE DE PERSONA
Nombre de persona Gell Gómez, Alfredo Antonio
9 (RLIN) 12324
700 12 - PUNTO DE ACCESO ADICIONAL--NOMBRE DE PERSONA
Nombre de persona Ferreras Hernández, Luis Manuel
9 (RLIN) 12325
710 2# - PUNTO DE ACCESO ADICIONAL--NOMBRE DE ENTIDAD CORPORATIVA
Nombre de entidad corporativa o nombre de jurisdicción como elemento de entrada Banco Central de la República Dominicana
Unidad subordinada Departamento Cultural
9 (RLIN) 7006
830 #0 - PUNTO DE ACCESO ADICIONAL DE SERIE-TÍTULO UNIFORME
Título uniforme Banco Central de la República Dominicana
Número de parte o sección de la obra 104
Nombre de parte o sección de la obra Arte y literatura
Número de parte o sección de la obra 43
9 (RLIN) 12326
910 ## - DATOS DE OPCIÓN DEL USUARIO (OCLC)
Datos de opción del usuario Validado. Control de la calidad. MFF
942 ## - ELEMENTOS DE PUNTO DE ACCESO ADICIONAL (KOHA)
Fuente del sistema de clasificación o colocación Dewey Decimal Classification
Tipo de ítem Koha Libro
Holdings
Estado de retiro Estado de pérdida Fuente del sistema de clasificación o colocación Restricciones de uso No para préstamo Código de colección Localización permanente Ubicación/localización actual Ubicación en estantería Fecha de adquisición Total de préstamos Signatura topográfica completa Código de barras Fecha visto por última vez Número de copia Precio válido a partir de Tipo de ítem Koha
    Dewey Decimal Classification Préstamo en sala   Dominicana de Servicio Biblioteca Nacional Pedro Henríquez Ureña Biblioteca Nacional Pedro Henríquez Ureña Depósito 20.07.2009   BNPHU DS 306.097293 V145c 4173-30 25.06.2020 e. 3 25.06.2020 Libro
    Dewey Decimal Classification Préstamo en sala   Dominicana de Servicio Biblioteca Nacional Pedro Henríquez Ureña Biblioteca Nacional Pedro Henríquez Ureña Depósito 25.03.2015   BNPHU DS 306.097293 V145c 4173-40 25.06.2020 e. 4 25.06.2020 Libro
    Dewey Decimal Classification Préstamo en sala   Dominicana de Servicio Biblioteca Nacional Pedro Henríquez Ureña Biblioteca Nacional Pedro Henríquez Ureña Depósito 18.07.2018   BNPHU DS 306.097293 V145c 4173-50 25.06.2020 e. 5 25.06.2020 Libro
    Dewey Decimal Classification Excluido de préstamo   Patrimonio Dominicano Biblioteca Nacional Pedro Henríquez Ureña Biblioteca Nacional Pedro Henríquez Ureña Depósito 17.07.2009   BNPHU PD 306.097293 V145c 4173-10 25.06.2020   25.06.2020 Libro
    Dewey Decimal Classification Excluido de préstamo   Patrimonio Dominicano Biblioteca Nacional Pedro Henríquez Ureña Biblioteca Nacional Pedro Henríquez Ureña Depósito 20.07.2009   BNPHU PD 306.097293 V145c 4173-20 25.06.2020 e. 2 25.06.2020 Libro

Powered by Koha